000 00594nam a22002417a 4500
003 UA-OsUOA
001 29391
007 ta
008 20041008b un ||||| |||| 00| 0 ukr d
090 _a82.(030)
_bД58
942 _cBK
040 _aUA-OsUOA
_bukr
_cUA-OsUOA
_dUA-OsUOA
245 _aДовідник з теорії літератури
_cУпор. У. Д.Данильцов
300 _a160 с.
955 _a0
041 _aukr
080 _a82.(030)
020 _a966-359-285-9
260 _aКиїв
_bА. С. К.
_c2001
044 _aUA
650 7 _2UDC
999 _c315778
_d315778